000 00277nam a22001217a 4500
008 181009b xxu||||| |||| 00| 0 eng d
041 _aeng
080 _a821
100 _a21
101 _aGJL
245 _aThe Complete Plays of Christopher Marlowe
_cRibner
942 _2udc
_cBK
999 _c49135
_d49135